| 000 | 01116cab a22002055a 4500 | ||
|---|---|---|---|
| 001 | L156743 | ||
| 008 | 120709e2012 xxk 000 0 eng d | ||
| 035 | _a(Sirsi) u156743 | ||
| 041 | 0 | _aeng | |
| 100 | 1 | _aUnger, Paul | |
| 245 | 0 | 0 |
_aMarkets _bNorth-west |
| 260 | _c2012 | ||
| 490 | 0 |
_aProperty Week _v78 (27) 6 July 2012, 45-60(6) |
|
| 520 | _aSurveys recent commercial and residential property activity in the region: Wilson Bowden has submitted revised plans for Macclesfield town centre; Preston City Council has finally jettisoned its Titheburn retail project and issued a new Preston city centre prospectus; and residential development is accelerating quickly in central Manchester according to recent Jones Lang LaSalle research. Shed development in the region is rising as the lack of supply reaches tipping point with major occupier requirements in the pipeline. Leisure property development in Manchester is in full swing with new restaurants supporting retail. | ||
| 590 | _aKA | ||
| 651 | 4 | _aEngland | |
| 690 |
_aResidential property _96266 |
||
| 690 |
_aCommercial property _96227 |
||
| 942 | _n0 | ||
| 999 |
_c84137 _d84137 |
||